Countries Closest to the Persian Gulf - 15 Second Sprint - Statistics

General Stats
  • This quiz has been taken 19 times
  • The average score is 9 of 22
Answer Stats
km country miles % Correct
0 Iran 0
94%
0 Iraq 0
88%
0 Oman 0
88%
0 Qatar 0
81%
0 United Arab Emirates 0
75%
0 Kuwait 0
69%
0 Bahrain 0
63%
0 Saudi Arabia 0
63%
551 Yemen 343
63%
440 Pakistan 273
50%
1128 India 701
25%
863 Jordan 536
25%
502 Afghanistan 312
19%
846 Syria 526
19%
843 Turkey 524
19%
1198 Israel 745
13%
1181 Lebanon 734
13%
1193 Palestine 741
6%
968 Armenia 601
0%
890 Azerbaijan 553
0%
1207 Russia 750
0%
1036 Turkmenistan 644
0%
No matching quizzes found
Score Distribution
Percent of People with Each Score
Percentile by Number Answered
Your Score History
You have not taken this quiz